Family Guy Spelling Bee Quiz Stats

 Plays Quiz not verified by Sporcle

Challenge
Share
Tweet
Embed
Score 0/10 Timer 06:00
0 Plays Today
Clue Name % Correct
Guy With Wooden Peg Legs And Arms????
54.3%
The Bartender At The Drunken Clam????
52.2%
Creator Of Family Guy????
47.8%
Female News Anchor????
39.1%
Peter's Perverted Best Friend????
35.9%
Asian News Reporter????
32.6%
Peters Real Dad????
30.4%
Lois's Maiden Name????
18.5%
Megs School Bully????
14.1%
Producer Of Family Guy????
9.8%

You're not logged in!

Compare scores with friends on all Sporcle quizzes.
OR
Log In

You Might Also Like...

Show Comments

Extras

Created Jul 1, 2012ReportNominate
Tags:bee, family, guy, spelling

Top Quizzes Today


Score Distribution

Your Account Isn't Verified!

In order to create a playlist on Sporcle, you need to verify the email address you used during registration. Go to your Sporcle Settings to finish the process.

Report this User

Report this user for behavior that violates our Community Guidelines.

Details: